| 000 | 00385nam a22001577a 4500 | ||
|---|---|---|---|
| 003 | OSt | ||
| 005 | 20211226164033.0 | ||
| 008 | 211226b |||||||| |||| 00| 0 eng d | ||
| 020 | _a8171692311 | ||
| 040 | _cHU | ||
| 082 | _a371.102 ENV2007 | ||
| 245 | _aAcademic environment : advice, counsel and activities | ||
| 260 | _c2007 | ||
| 300 |
_aVI304P _bPC _c22cm |
||
| 942 |
_2ddc _cBOOKS _n0 |
||
| 999 |
_c24176 _d24176 |
||